[Event "DSB-Frauenkader-Challenge 2021"]
[Site "Magdeburg"]
[Date "2021.04.09"]
[Round "5.1"]
[White "Muetsch, Annmarie"]
[Black "Sieber, Fiona"]
[Result "0-1"]
[WhiteElo "2266"]
[BlackElo "2275"]
[Annotator "TA"]
[PlyCount "180"]
[EventDate "2021.03.30"]
[EventType "tourn"]
[EventCountry "GER"]
[SourceTitle "playchess.com"]
[Source "ChessBase"]
[SourceQuality "1"]

{[%evp 10,180,17,17,17,18,19,12,24,26,14,0,0,0,0,0,0,-16,-4,-20,-8,-8,-6,-106,-113,-112,-54,-45,0,-292,-286,-245,-49,-42,-44,-51,-40,-66,-22,-136,-137,-122,-36,-134,-130,-130,-135,-127,-125,-181,-178,-179,-179,-168,-152,-151,-143,-144,-135,-151,-158,-165,-157,-168,-168,-176,-98,-98,-72,-72,-80,-80,-77,-99,-100,-115,-46,-62,-44,-55,-52,-98,-90,-93,-93,-90,-94,-127,-128,-206,-75,-168,-156,-315,-314,-299,-299,-289,-289,-311,-320,-327,-265,-356,-356,-348,-331,-298,-175,-345,-333,-779,-175,-135,0,-981,-924,-1012,-568,-1020,-1005,-837,-861,-1095,-1000,-1098,-1009,-837,-652,-624,-547,-987,-934,-708,-539,-466,-391,-525,-510,-508,-501,-449,-403,-5462,-4167,-1963,-1818,-4690,-6794,-6123,-5810,-29969,-29970,-29971,-29972,-29972,-29973,-29972,-29974,-29974,-29975,-29974,0,-29975,-29976,-29976,-29977,-29977,-29978,-29978,-29979,-29975,-29970]} 1. e4 c5 2. Nc3 Nc6 3. Bb5 Nd4 4. Nf3 Nxb5 5. Nxb5 d6 6. d4 Nf6 {B23: Closed Sicilian: Lines without g3.} 7. Nc3 cxd4 8. Qxd4 e5 {The position is equal.} 9. Qd3 h6 10. O-O Be6 11. Rd1 a6 12. a4 Be7 13. b3 Rc8 14. Bb2 O-O {[#]} 15. Nd2 $146 ({Predecessor:} 15. Qe3 Qa5 16. Rd3 Rc6 17. Rad1 Rb8 18. Ne1 b5 19. Nd5 Bxd5 20. exd5 {1-0 (19) Schmidt,J (2172)-Ganiev,I (2331) ICCF email 2013}) 15... Nh5 16. Nd5 (16. g3 $11 {keeps the balance.}) 16... Bxd5 $17 17. Qxd5 Nf4 ({Black should try} 17... Rxc2 $17 18. Nc4 Nf4 19. Qxb7 Bh4 20. Bxe5 {[%mdl 64] Double Attack} Nh3+ 21. gxh3 Bxf2+ 22. Kh1 Qh4) 18. Qxb7 $15 {Black must now prevent Nc4.} Rxc2 19. Nc4 {[%mdl 8192]} (19. Ba3 $1 $11) 19... Bh4 $19 20. Bxe5 {[#]} Qg5 ({But not} 20... Bxf2+ 21. Kh1 $17) ({Better is} 20... Nh3+ $1 $19 {[%mdl 512]} 21. gxh3 Bxf2+ 22. Kh1 Qh4) 21. Bxf4 $15 Qxf4 22. Rf1 {Strongly threatening g3.} Bxf2+ 23. Kh1 Qg5 $40 {[%mdl 128] Hoping for ...Bd4! Black is up to no good.} (23... Rc3 $5 {[%cal Rc3h3]} 24. Qd7 Qh4 $15) 24. Na3 (24. Qd5 $1 $11 Qxd5 25. exd5) 24... Re2 $1 $17 {...Bd4! is the strong threat.} 25. Qd5 ({Not} 25. Qxa6 $2 Qg4) 25... Qg4 (25... Bc5 $17 {[%csl Ge2][%cal Rg5g2]} 26. Qxg5 hxg5) 26. Qf5 (26. h3 $1 $15 Qg3 27. Qc4) 26... Qxf5 27. exf5 Rb8 28. Rab1 d5 29. b4 (29. Rfc1 $17) 29... Ra2 $19 30. Rb3 {[#]} Bc5 $1 {[%mdl 512]} 31. Rfb1 Rxb4 {[%mdl 64] Deflection} 32. Rxb4 Bxb4 33. Rxb4 Rxa3 {[%mdl 4096] Endgame KR-KR} 34. h3 Kf8 35. Rd4 Ke7 36. Rxd5 Rxa4 37. Kh2 Rc4 (37... a5 $19 {aiming for ...Ra1.} 38. Rd1 Ra2) 38. Kg3 $17 Rc6 39. Kf4 Rd6 40. Ra5 Kd7 41. g4 Kc7 42. Ra1 Kb7 (42... f6 $17 43. Ke4 Kb7) 43. Ke5 $15 Rb6 (43... Rd8 {looks sharper.} 44. h4 Kb6 45. Rb1+ Kc6 46. Rc1+ Kd7) 44. Ra3 Kc7 45. Kd5 Rb5+ 46. Kc4 Kb6 47. Re3 Rc5+ 48. Kd4 a5 49. Re8 (49. Rb3+ $17 {is a better defense.} Rb5 50. Rd3) 49... Rc7 (49... a4 $1 $19 {is more deadly.} 50. Rb8+ Ka7) 50. Rb8+ (50. f6 $17 {was the only defense.} g5 51. Rb8+ Rb7 52. Re8) 50... Rb7 $19 51. Ra8 {[#]} (51. Re8 $17) 51... Ra7 $1 {[%cal Ra7a8]} 52. Rb8+ Kc6 53. Rc8+ Kd6 54. Rc3 a4 55. Ra3 Ra5 56. Kc4 Ke5 57. Kb4 Ra7 58. Kc5 Ra8 59. Kb6 $2 (59. Kc6) 59... Rb8+ 60. Kc5 $2 (60. Kc7 Rb4 61. Kc6) 60... Rc8+ $2 (60... Rb3 61. Rxa4 Rxh3) 61. Kb5 Rb8+ $2 {[%mdl 8192]} (61... h5 $17 62. Rxa4 Rc3) 62. Kc5 $1 {Black converts the advantage convincingly.} Rb3 63. Rxa4 Rc3+ 64. Kb6 Rxh3 65. Kc6 Rd3 66. Ra7 Kf6 67. Kc5 Rg3 68. Ra6+ Ke5 69. Ra4 Rc3+ 70. Kb6 Kf6 71. Kb5 Rc7 72. Kb6 Re7 73. Kc6 h5 74. gxh5 Kxf5 75. Kd6 Re6+ 76. Kd7 (76. Kd5 $142 Kg5 77. Ra7) 76... Kg5 77. Ra5+ Kg4 78. Rb5 Re1 79. Kd6 f5 80. Rb7 Kxh5 81. Rxg7 f4 82. Kd5 f3 83. Rf7 Kg4 84. Kd4 Kg3 85. Rg7+ {[#]} Kh3 $2 (85... Kf2 $1 {mates} 86. Rg8 Ke2 87. Re8+ Kf1 88. Rg8 f2 89. Kd3 Re5 90. Kd4 Re2 91. Ra8 Re6 92. Kd3 Re5 93. Kd4 Rg5 94. Rc8 Kg1 95. Rf8 f1=Q 96. Rxf1+ Kxf1 97. Ke4 Ke2 98. Kf4 Rd5 99. Ke4 Rh5 100. Kf4 Kd3 101. Kg4 Rb5 102. Kf4 Ra5 103. Kg3 Ke3 104. Kg4 Re5 105. Kg3 Re4 106. Kg2 Rg4+ 107. Kh3 Kf3 108. Kh2 Rh4+ 109. Kg1 Rh7 110. Kf1 Rh1#) 86. Rh7+ $2 {[%mdl 8192]} (86. Rf7 $11) 86... Kg2 {Black mates.} 87. Rg7+ Kf1 88. Kd3 f2 89. Kd2 Re2+ 90. Kd1 Re5 {Weighted Error Value: White=0.42/Black=0.26} 0-1

[Event "DSB-Frauenkader-Challenge 2021"]
[Site "Magdeburg"]
[Date "2021.04.09"]
[Round "5.2"]
[White "Heinemann, Josefine"]
[Black "Schneider, Jana"]
[Result "1/2-1/2"]
[WhiteElo "2296"]
[BlackElo "2272"]
[Annotator "NA"]
[PlyCount "88"]
[EventDate "2021.03.30"]
[EventType "tourn"]
[EventCountry "GER"]
[SourceTitle "playchess.com"]
[Source "ChessBase"]
[SourceQuality "1"]
[TimeControl "40/5400+30:1800+30"]

1. e4 {[%emt 0:00:00]} e5 {[%emt 0:00:00]} 2. Nf3 {[%emt 0:00:00]} Nc6 {[%emt 0:00:00]} 3. Bb5 {[%emt 0:00:00]} a6 {[%emt 0:00:00]} 4. Ba4 {[%emt 0:00:00]} Nf6 $11 {[%emt 0:00:02]} 5. O-O {[%emt 0:00:06]} b5 {[%emt 0:00:09]} 6. Bb3 {[%emt 0:00:05]} Bc5 {[%emt 0:00:09]} 7. a4 {[%emt 0:00:41]} Rb8 {[%emt 0:00:12]} 8. c3 {[%emt 0:00:07]} d6 {[%emt 0:00:09]} 9. d4 {[%emt 0:00:32]} Bb6 {[%emt 0:00:10]} 10. a5 {[%emt 0:00:27]} Ba7 {[%emt 0:00:10]} 11. h3 {[%emt 0:00:55]} O-O {[%emt 0:00:26]} 12. Be3 {[%emt 0:00:54]} exd4 {[%emt 0:00:18]} 13. cxd4 {[%emt 0:00:54]} Nb4 {[%emt 0:00:28]} 14. Nc3 {[%emt 0:04:19]} Bb7 {[%emt 0:00:50]} 15. Ng5 {[%emt 0:20:57]} Qe8 {[%emt 0:08:33]} 16. e5 {[%emt 0:10:06]} Nfd5 {[%emt 0:23:25]} 17. Nxd5 {[%emt 0:06:16]} Nxd5 {[%emt 0:02:21]} 18. Qc2 {[%emt 0:02:57]} g6 {[%emt 0:01:34]} 19. Bxd5 {[%emt 0:03:38]} Bxd5 {[%emt 0:00:12]} 20. Qxc7 {[%emt 0:00:11]} Qc6 {[%emt 0:05:48]} 21. Qxc6 {[%emt 0:04:49]} Bxc6 {[%emt 0:00:06]} 22. Rac1 {[%emt 0:00:40]} Rbc8 {[%emt 0:01:22]} 23. exd6 {[%emt 0:01:27]} Rfd8 {[%emt 0:04:03]} 24. Rc2 {[%emt 0:04:57]} Bd5 {[%emt 0:06:55]} 25. Rfc1 {[%emt 0:02:51]} Rc4 {[%emt 0:06:24]} 26. Nf3 {[%emt 0:02:40]} Rxd6 {[%emt 0:08:50]} 27. Ne5 {[%emt 0:03:34]} Rxc2 {[%emt 0:00:33]} 28. Rxc2 {[%emt 0:00:05]} Kg7 {[%emt 0:02:35]} 29. Rc7 {[%emt 0:05:26]} Bb8 {[%emt 0:00:16]} 30. Rc8 {[%emt 0:01:21]} Ba7 {[%emt 0:00:10]} 31. Ng4 {[%emt 0:01:25]} g5 {[%emt 0:01:36]} 32. Bxg5 {[%emt 0:02:57]} Bxd4 {[%emt 0:00:12]} 33. Bf4 {[%emt 0:02:56]} Rd7 {[%emt 0:07:32]} 34. Be5+ {[%emt 0:05:23]} Bxe5 {[%emt 0:00:15]} 35. Nxe5 {[%emt 0:00:03]} Re7 {[%emt 0:01:40]} 36. f4 {[%emt 0:07:11]} f6 {[%emt 0:00:39]} 37. Rd8 {[%emt 0:00:04]} Bxg2 {[%emt 0:01:57]} 38. Kxg2 {[%emt 0:02:35]} fxe5 {[%emt 0:00:06]} 39. Rd6 {[%emt 0:03:48]} exf4 {[%emt 0:00:50]} 40. Rxa6 {[%emt 0:00:04]} Re2+ {[%emt 0:02:35]} 41. Kf3 {[%emt 0:30:20]} Rxb2 {[%emt 0:32:15]} 42. Rb6 {[%emt 0:00:07]} b4 {[%emt 0:01:12]} 43. a6 {[%emt 0:00:28]} Ra2 {[%emt 0:00:23]} 44. Rxb4 {[%emt 0:00:06]} Rxa6 {[%emt 0:00:15]} 1/2-1/2

[Event "DSB-Frauenkader-Challenge 2021"]
[Site "Magdeburg"]
[Date "2021.04.09"]
[Round "5.3"]
[White "Ziegenfuss, Antonia"]
[Black "Bashylina, Luisa"]
[Result "1/2-1/2"]
[WhiteElo "2101"]
[BlackElo "1978"]
[Annotator "NA"]
[PlyCount "51"]
[EventDate "2021.03.30"]
[EventType "tourn"]
[EventCountry "GER"]
[SourceTitle "playchess.com"]
[Source "ChessBase"]
[SourceQuality "1"]
[TimeControl "40/5400+30:1800+30"]

1. d4 {[%emt 0:00:00]} Nf6 {[%emt 0:00:00]} 2. Nc3 {[%emt 0:00:00]} d5 {[%emt 0:00:00]} 3. Bf4 {[%emt 0:00:00]} a6 {[%emt 0:00:00]} 4. e3 {[%emt 0:00:14]} c5 {[%emt 0:04:12]} 5. h3 {[%emt 0:02:12]} Nc6 {[%emt 0:05:41]} 6. Nf3 {[%emt 0:01:07]} e6 {[%emt 0:02:48]} 7. Be2 {[%emt 0:02:50]} b5 {[%emt 0:01:01]} 8. O-O {[%emt 0:08:51]} Be7 {[%emt 0:03:48]} 9. a4 {[%emt 0:13:48]} b4 {[%emt 0:03:51]} 10. Nb1 {[%emt 0:01:39]} O-O {[%emt 0:01:03]} 11. Nbd2 {[%emt 0:06:29]} Bb7 {[%emt 0:09:07]} 12. c3 {[%emt 0:03:43]} Rc8 {[%emt 0:07:18]} 13. Bd3 {[%emt 0:08:00]} bxc3 {[%emt 0:08:58]} 14. bxc3 {[%emt 0:00:08]} cxd4 {[%emt 0:00:19]} 15. cxd4 {[%emt 0:00:52]} Nb4 {[%emt 0:00:36]} 16. Be2 {[%emt 0:02:53]} Ne4 {[%emt 0:07:47]} 17. Nxe4 {[%emt 0:14:28]} dxe4 {[%emt 0:00:05]} 18. Ne1 {[%emt 0:00:46]} Nd5 {[%emt 0:00:37]} 19. Bh2 {[%emt 0:01:11]} Nc3 {[%emt 0:08:38]} 20. Qd2 {[%emt 0:01:27]} Qb6 {[%emt 0:01:41]} 21. f4 {[%emt 0:12:01]} Bd5 {[%emt 0:12:57]} 22. Rf2 {[%emt 0:02:18]} Nb1 {[%emt 0:10:29]} 23. Qd1 {[%emt 0:00:38]} Nc3 {[%emt 0:00:14]} 24. Qd2 {[%emt 0:04:04]} Nb1 {[%emt 0:02:42]} 25. Qd1 {[%emt 0:00:06]} Nc3 {[%emt 0:00:42]} 26. Qd2 {[%emt 0:13:15]} 1/2-1/2

[Event "DSB-Frauenkader-Challenge 2021"]
[Site "Magdeburg"]
[Date "2021.04.09"]
[Round "5.4"]
[White "Paehtz, Elisabeth"]
[Black "Lubbe, Melanie"]
[Result "1/2-1/2"]
[WhiteElo "2467"]
[BlackElo "2274"]
[Annotator "ChessBase"]
[PlyCount "112"]
[EventDate "2021.03.30"]
[EventType "tourn"]
[EventCountry "GER"]
[SourceTitle "playchess.com"]
[Source "ChessBase"]
[SourceQuality "1"]
[TimeControl "40/5400+30:1800+30"]

1. d4 {[%emt 0:00:00]} Nf6 {[%emt 0:00:00]} 2. Nf3 {[%emt 0:00:00]} g6 {[%emt 0:00:00]} 3. c4 {[%emt 0:00:00]} Bg7 {[%emt 0:00:00]} 4. g3 {[%emt 0:00:00]} O-O {[%emt 0:00:00]} 5. Bg2 {[%emt 0:00:02]} d6 {[%emt 0:00:02]} 6. Nc3 {[%emt 0:00:15]} c6 {[%emt 0:00:22]} 7. O-O {[%emt 0:00:06]} Bf5 {[%emt 0:00:27]} 8. Ne1 {[%emt 0:00:04]} Be6 {[%emt 0:00:21]} 9. d5 {[%emt 0:00:03]} cxd5 {[%emt 0:00:09]} 10. cxd5 {[%emt 0:00:03]} Bd7 {[%emt 0:00:08]} 11. Nd3 {[%emt 0:00:02]} Na6 {[%emt 0:01:07]} 12. Bf4 {[%emt 0:00:06]} Qa5 {[%emt 0:05:25]} 13. Qd2 {[%emt 0:00:14]} Rfc8 {[%emt 0:07:48]} 14. Rfc1 {[%emt 0:03:36]} Qd8 {[%emt 0:06:10]} 15. e4 {[%emt 0:00:32]} Nc5 {[%emt 0:04:17]} 16. h3 {[%emt 0:07:16]} Nxd3 {[%emt 0:09:19]} 17. Qxd3 {[%emt 0:00:03]} Be8 {[%emt 0:00:32]} 18. Be3 {[%emt 0:04:12]} Nd7 {[%emt 0:01:52]} 19. Qe2 {[%emt 0:12:16]} Qa5 {[%emt 0:17:29]} 20. Nb5 {[%emt 0:24:53]} Nc5 {[%emt 0:09:36]} 21. Nd4 {[%emt 0:01:29]} Qa6 {[%emt 0:08:22]} 22. Qxa6 {[%emt 0:03:36]} Nxa6 {[%emt 0:00:06]} 23. Bf1 {[%emt 0:06:43]} Nc5 {[%emt 0:03:15]} 24. f3 {[%emt 0:00:56]} Bd7 {[%emt 0:02:05]} 25. Rab1 {[%emt 0:05:43]} Na4 {[%emt 0:05:53]} 26. Kg2 {[%emt 0:09:55]} Rc5 {[%emt 0:02:20]} 27. Ne2 {[%emt 0:03:40]} Rxc1 {[%emt 0:03:03]} 28. Rxc1 {[%emt 0:00:03]} Bxb2 {[%emt 0:05:18]} 29. Rc7 {[%emt 0:00:29]} Bb5 {[%emt 0:03:02]} 30. Rxb7 {[%emt 0:01:53]} a6 {[%emt 0:00:01]} 31. Nd4 {[%emt 0:02:33]} Nc3 {[%emt 0:01:34]} 32. Nc6 {[%emt 0:05:51]} e6 {[%emt 0:00:53]} 33. dxe6 {[%emt 0:00:29]} fxe6 {[%emt 0:00:33]} 34. Nd4 {[%emt 0:05:09]} Rc8 {[%emt 0:01:56]} 35. Bxb5 {[%emt 0:01:00]} axb5 {[%emt 0:00:17]} 36. Nxb5 {[%emt 0:02:03]} Nxb5 {[%emt 0:00:42]} 37. Rxb5 {[%emt 0:00:03]} Rc2+ {[%emt 0:00:10]} 38. Kf1 {[%emt 0:00:28]} Bc1 {[%emt 0:01:25]} 39. Rb8+ {[%emt 0:01:43]} Kf7 {[%emt 0:00:06]} 40. Rb7+ {[%emt 0:00:04]} Kg8 {[%emt 0:02:27]} 41. Bxc1 {[%emt 0:31:42]} Rxc1+ {[%emt 0:30:05]} 42. Kf2 {[%emt 0:00:00]} Rc2+ {[%emt 0:00:00]} 43. Ke3 {[%emt 0:00:00]} Rxa2 {[%emt 0:00:00]} 44. Kf4 {[%emt 0:00:00]} Ra3 {[%emt 0:00:00]} 45. Rd7 {[%emt 0:00:00]} Rd3 {[%emt 0:00:00]} 46. Kg4 {[%emt 0:00:00]} e5 {[%emt 0:00:00]} 47. f4 {[%emt 0:00:00]} exf4 {[%emt 0:00:20]} 48. gxf4 {[%emt 0:00:00]} Re3 {[%emt 0:00:22]} 49. Re7 {[%emt 0:00:00]} h6 {[%emt 0:01:04]} 50. h4 {[%emt 0:00:00]} Kf8 {[%emt 0:00:18]} 51. Rd7 {[%emt 0:00:00]} Rxe4 {[%emt 0:00:11]} 52. Rxd6 {[%emt 0:00:00]} Kg7 {[%emt 0:00:24]} 53. Rd7+ {[%emt 0:00:00]} Kf6 {[%emt 0:00:12]} 54. Rd6+ {[%emt 0:00:00]} Kg7 {[%emt 0:00:17]} 55. Rd7+ {[%emt 0:00:00]} Kf6 {[%emt 0:00:05]} 56. Rd6+ {[%emt 0:00:00]} Kg7 {[%emt 0:00:06]} 1/2-1/2

[Event "DSB-Frauenkader-Challenge 2021"]
[Site "Magdeburg"]
[Date "2021.04.10"]
[Round "6.1"]
[White "Sieber, Fiona"]
[Black "Lubbe, Melanie"]
[Result "0-1"]
[WhiteElo "2275"]
[BlackElo "2274"]
[Annotator "NA"]
[PlyCount "92"]
[EventDate "2021.03.30"]
[EventType "tourn"]
[EventCountry "GER"]
[SourceTitle "playchess.com"]
[Source "ChessBase"]
[SourceQuality "1"]
[TimeControl "40/5400+30:1800+30"]

1. e4 {[%emt 0:00:00]} c5 {[%emt 0:00:00]} 2. Nf3 {[%emt 0:00:00]} e6 {[%emt 0:00:00]} 3. d4 {[%emt 0:00:00]} cxd4 {[%emt 0:00:00]} 4. Nxd4 {[%emt 0:00:00]} Nf6 {[%emt 0:00:00]} 5. Nc3 {[%emt 0:00:00]} Nc6 {[%emt 0:00:00]} 6. Nxc6 {[%emt 0:02:18]} bxc6 {[%emt 0:00:03]} 7. e5 {[%emt 0:00:18]} Nd5 {[%emt 0:00:13]} 8. Ne4 {[%emt 0:00:16]} Qc7 {[%emt 0:00:23]} 9. f4 {[%emt 0:00:09]} Qb6 {[%emt 0:00:49]} 10. c4 {[%emt 0:00:44]} Ne3 {[%emt 0:05:33]} 11. Qd3 {[%emt 0:06:10]} Bb4+ {[%emt 0:01:53]} 12. Bd2 {[%emt 0:01:45]} Ba6 {[%emt 0:03:30]} 13. b3 {[%emt 0:07:31]} O-O {[%emt 0:01:37]} 14. Bxb4 {[%emt 0:03:56]} Qxb4+ {[%emt 0:00:06]} 15. Kf2 {[%emt 0:00:19]} Nd5 {[%emt 0:03:26]} 16. Qf3 {[%emt 0:25:13] [#]} f5 $1 {[%emt 0:17:51]} 17. Nd6 $17 {[%emt 0:01:04]} g5 {[%emt 0:32:18]} 18. Rd1 {[%emt 0:18:28]} Qc5+ {[%emt 0:02:55]} 19. Kg3 {[%emt 0:01:25]} Nxf4 {[%emt 0:10:05]} 20. h4 {[%emt 0:01:26]} Qxe5 {[%emt 0:01:14]} 21. hxg5 {[%emt 0:00:13]} Nd5+ {[%emt 0:02:01]} 22. Kf2 {[%emt 0:01:47]} Nc3 {[%emt 0:02:15]} 23. Qh5 {[%emt 0:08:17]} Nxd1+ {[%emt 0:00:20]} 24. Qxd1 {[%emt 0:00:02]} Qf4+ {[%emt 0:01:38]} 25. Ke1 {[%emt 0:00:32]} Qg3+ {[%emt 0:00:37]} 26. Ke2 {[%emt 0:00:15]} Qxg5 {[%emt 0:02:36]} 27. Rh3 {[%emt 0:00:02]} e5 {[%emt 0:00:56]} 28. Kf2 {[%emt 0:03:17]} Kh8 {[%emt 0:05:37]} 29. Kg1 {[%emt 0:02:24]} Rf6 {[%emt 0:00:21]} 30. b4 {[%emt 0:04:57]} Qg6 {[%emt 0:01:12]} 31. Rd3 {[%emt 0:00:20]} Rb8 {[%emt 0:01:12]} 32. Qe1 {[%emt 0:04:34]} Re6 {[%emt 0:00:36]} 33. b5 {[%emt 0:01:30]} cxb5 {[%emt 0:00:36]} 34. cxb5 {[%emt 0:00:09]} Bb7 {[%emt 0:01:04]} 35. Qc3 {[%emt 0:00:55]} Be4 {[%emt 0:02:33]} 36. Rg3 {[%emt 0:01:36]} Qf6 {[%emt 0:00:13]} 37. Qc7 {[%emt 0:00:11]} Rf8 {[%emt 0:00:23]} 38. Nc4 {[%emt 0:02:59]} f4 {[%emt 0:00:27]} 39. Rh3 {[%emt 0:00:28]} d5 {[%emt 0:00:57]} 40. Nd2 {[%emt 0:00:41]} Re7 {[%emt 0:00:57]} 41. Qc5 {[%emt 0:32:32]} Qb6 {[%emt 0:04:14]} 42. Nxe4 {[%emt 0:00:00]} dxe4 {[%emt 0:00:12]} 43. Qxb6 {[%emt 0:00:00]} axb6 {[%emt 0:00:06]} 44. Rh6 {[%emt 0:00:00]} e3 {[%emt 0:01:56]} 45. Rxb6 {[%emt 0:00:00]} e4 {[%emt 0:00:15]} 46. Bc4 {[%emt 0:00:00]} f3 {[%emt 0:01:08]} 0-1

[Event "DSB-Frauenkader-Challenge 2021"]
[Site "Magdeburg"]
[Date "2021.04.10"]
[Round "6.2"]
[White "Bashylina, Luisa"]
[Black "Paehtz, Elisabeth"]
[Result "0-1"]
[WhiteElo "1978"]
[BlackElo "2467"]
[Annotator "TA"]
[PlyCount "80"]
[EventDate "2021.03.30"]
[EventType "tourn"]
[EventCountry "GER"]
[SourceTitle "playchess.com"]
[Source "ChessBase"]
[SourceQuality "1"]

{[%evp 13,80,-13,-7,-15,-9,-52,-50,-63,-51,-62,-55,-56,-41,-99,-77,-77,-66,-102,-108,-86,-54,-59,-57,-39,-30,-114,-96,-144,-138,-241,-231,-231,-231,-225,-238,-219,-214,-261,-258,-371,-387,-483,-464,-627,-361,-330,-303,-358,-293,-278,-298,-463,-351,-635,-403,-951,-895,-860,-602,-658,-576,-627,-608,-774,-778,-972,-981,-1353,-1409]} 1. e4 c5 2. Nf3 Nc6 3. Bb5 e6 4. Bxc6 bxc6 5. O-O Ne7 6. b3 Ng6 7. Bb2 f6 8. Nc3 {B30: Sicilian: 2...Nc6 3 Bb5, lines without ...g6.} Be7 {[#]} 9. Ba3 $146 ({Predecessor:} 9. d3 O-O 10. g3 d5 11. Kg2 e5 12. Na4 Be6 13. c4 Qc8 14. Re1 Rd8 15. Qe2 Bh3+ 16. Kh1 Qg4 17. Nd2 dxe4 18. Nxe4 Qxe2 19. Rxe2 Rxd3 20. Naxc5 {½-½ (59) Klevansky,A (1755)-Fakude,H (1809) Bloemfontein 2016}) 9... e5 10. Ne2 {Black is slightly better.} d5 11. Ng3 dxe4 12. Nxe4 f5 $1 {[%cal Rf5e4]} 13. Nc3 ({But not} 13. Nxc5 Qa5 $17) ({White should play} 13. Ng3 $15) 13... e4 $17 14. Ne1 Bf6 15. Bb2 O-O 16. d3 Ba6 17. Na4 Bxb2 18. Nxb2 Qd4 $36 {[%mdl 2048] Black has good play.} 19. Nc4 {Black converts the advantage convincingly.} (19. Rb1 $1 $11 {keeps the balance.}) 19... Rad8 20. Rc1 Rfe8 21. c3 (21. a4 $17 {was worth a try.}) 21... Qd7 $19 22. d4 Bxc4 23. bxc4 cxd4 24. cxd4 Qxd4 25. Qa4 Nf4 {[#] Threatens to win with ...Ne2+.} 26. Nc2 (26. Kh1 $142) 26... Qc5 {aiming for ...Ne2+.} 27. Rce1 Nd3 28. Rb1 a5 29. Qb3 Rd6 30. Qc3 Red8 31. Rb7 {[%csl Gb7][%cal Rc3g7] [#]} R6d7 32. Rbb1 (32. Rxd7 {only move.} Rxd7 33. h3) 32... h6 33. g3 $2 (33. Ne1) 33... Ne5 34. Ne3 (34. Ne1 $142) 34... Nf3+ {Black is clearly winning.} 35. Kg2 Nd2 36. Rfd1 Nxb1 37. Rxb1 Rd3 38. Qc1 Rd2 {...Qxe3 is the strong threat.} 39. Rb3 a4 40. Rc3 Rxa2 {Weighted Error Value: White=0.80/Black=0.31} 0-1

[Event "DSB-Frauenkader-Challenge 2021"]
[Site "Magdeburg"]
[Date "2021.04.10"]
[Round "6.3"]
[White "Schneider, Jana"]
[Black "Ziegenfuss, Antonia"]
[Result "1-0"]
[WhiteElo "2272"]
[BlackElo "2101"]
[Annotator "NA"]
[PlyCount "61"]
[EventDate "2021.03.30"]
[EventType "tourn"]
[EventCountry "GER"]
[SourceTitle "playchess.com"]
[Source "ChessBase"]
[SourceQuality "1"]
[TimeControl "40/5400+30:1800+30"]

1. e4 {[%emt 0:00:00]} c5 {[%emt 0:00:00]} 2. Nf3 {[%emt 0:00:00]} e6 {[%emt 0:00:00]} 3. c3 {[%emt 0:00:00]} Nf6 {[%emt 0:00:00]} 4. e5 {[%emt 0:00:00]} Nd5 {[%emt 0:00:00]} 5. Bc4 {[%emt 0:00:07]} Nb6 $14 {[%emt 0:09:34]} 6. Bb3 {[%emt 0:00:29]} d6 {[%emt 0:01:22]} 7. exd6 {[%emt 0:03:29]} Bxd6 {[%emt 0:00:09]} 8. d4 {[%emt 0:00:37]} Nc6 {[%emt 0:06:00]} 9. O-O {[%emt 0:01:55]} O-O {[%emt 0:02:15]} 10. Re1 {[%emt 0:11:35]} cxd4 {[%emt 0:06:04]} 11. cxd4 {[%emt 0:00:36]} Nd5 {[%emt 0:04:45]} 12. Nc3 {[%emt 0:01:26]} Nxc3 {[%emt 0:15:26]} 13. bxc3 {[%emt 0:00:08]} Qc7 {[%emt 0:00:07]} 14. Bc2 {[%emt 0:07:44]} g6 {[%emt 0:17:37]} 15. Bh6 {[%emt 0:02:59]} Rd8 {[%emt 0:00:33]} 16. Qe2 {[%emt 0:00:39]} Bf4 {[%emt 0:04:41]} 17. Bg5 {[%emt 0:18:21]} Bxg5 {[%emt 0:01:25]} 18. Nxg5 {[%emt 0:00:07]} Qf4 {[%emt 0:02:09]} 19. Ne4 {[%emt 0:00:28]} b6 {[%emt 0:00:48]} 20. g3 {[%emt 0:04:57]} Qc7 {[%emt 0:00:23]} 21. Qg4 {[%emt 0:02:22]} f5 {[%emt 0:06:57]} 22. Nf6+ {[%emt 0:01:20]} Kf7 {[%emt 0:07:40]} 23. Qh4 {[%emt 0:02:12]} h6 {[%emt 0:00:53]} 24. d5 {[%emt 0:02:07]} Na5 {[%emt 0:00:29]} 25. dxe6+ {[%emt 0:10:53]} Bxe6 {[%emt 0:00:11]} 26. Qxh6 {[%emt 0:00:49]} Qxc3 {[%emt 0:05:20]} 27. Nh7 {[%emt 0:00:40]} Bd5 {[%emt 0:00:31]} 28. Bxf5 {[%emt 0:06:31]} gxf5 {[%emt 0:03:01]} 29. Rac1 {[%emt 0:00:13]} Re8 {[%emt 0:01:10]} 30. Ng5+ {[%emt 0:00:06]} Kg8 {[%emt 0:00:10]} 31. Qg6+ {[%emt 0:00:09]} 1-0